00906 2200313 4500001002100000005001500021035002000036007000300056040001700059100002900076245007200105250001300177300003700190041000800227082001200235084001800247090002000265264005600285336002100341337003000362338002300392650001700415850001000432008004100442020002200483504002500505700004000530990002200570INLIS00000000000510920260515052052 a0010-0222000199ta aSBPUPADbind0 aMuhammad MuisePengarang1 aPendefenisian Lema Alat Musik Di Dalam Kamus Besar Bahasa Indonesia a.-Cet. 1 avii, 135 hal. :billus. ;c24 cm aind a499.210 a499.210 MUH p a306.3 FRI l 6-5 a.--Jakarta :bDepartemen Pendidikan Nasional,c2009 2rdacontentaTeks 2rdamediaaTanpa Perantara 2rdacarrieraVolume 4aBahasa Musik aPUPAD260515 0  a978-979-685-792-0 abibliografi, hlm 1190 aPenerjemah, Dad MurniahePengarang a12066/H/KAPD/2010